De la educación popular a la investigación acción participativa. Perspectiva pedagógica y validación de sus experiencias (Record no. 199696)

MARC details
000 -CABECERA
campo de control de longitud fija 01563nab a2200241 a 4500
005 - FECHA Y HORA DE LA ÚLTIMA TRANSACCIÓN
campo de control 20240924064448.0
008 - ELEMENTOS DE LONGITUD FIJA--INFORMACIÓN GENERAL
campo de control de longitud fija 991125c2018 uy ar p o 000 0 spa d
035 ## - NÚMERO DE CONTROL DEL SISTEMA
Número de control de sistema UPN01000227601
040 ## - FUENTE DE LA CATALOGACIÓN
Centro catalogador/agencia de origen UPN
Lengua de catalogación spa
Centro/agencia transcriptor UPN
Normas de descripción aacr2
049 ## - COLECCIÓN
Colección ART-E
100 1# - ASIENTO PRINCIPAL--NOMBRE PERSONAL
Nombre de persona Sirvent, María Teresa
Enlace - m_sirvent@yahoo.com
245 00 - MENCIÓN DE TÍTULO
Título De la educación popular a la investigación acción participativa. Perspectiva pedagógica y validación de sus experiencias
Medio [recurso electrónico en línea]
506 0# - NOTA DE RESTRICCIONES AL ACCESO
Limitaciones de acceso Acceso abierto
520 3# - NOTA DE RESUMEN, ETC.
Sumario, etc. El artículo desarrolla y profundiza en los conceptos vertebrales de la Investigación Acción Participativa (IAP), la Educación Popular y la Pedagogía Crítica, desde una perspectiva pedagógica. Presenta la puesta en práctica del trabajo llevado a cabo con grupos de líderes y miembros de organizaciones populares e instituciones educativas de diferente grado de formalización de la periferia urbana de Buenos Aires. Finalmente, analiza la validación de la IAP en términos de impacto del proceso en los participantes, en el espacio de la cultura popular y del pensar crítico y reflexivo
650 #2 - ASIENTO SECUNDARIO DE MATERIA - TERMINO TEMATICO
Término de materia o nombre geográfico como elemento de entrada Educación popular
9 (RLIN) 9081
650 #4 - ASIENTO SECUNDARIO DE MATERIA - TERMINO TEMATICO
9 (RLIN) 8121
Término de materia o nombre geográfico como elemento de entrada Pedagogía crítica
653 0# - TERMINO DE INDIZACION - NO CONTROLADO
Término no controlado Investigación acción participativa
773 ## - ENLACE AL DOCUMENTO FUENTE/ENTRADA DE REGISTRO ANFITRIÓN
Parte(s) relacionada(s) Vol. 5, no. 1 (2018 ), p. 12-29
Título Inter-Cambios. Dilemas y transiciones de la educación superior
Número Internacional Normalizado para Publicaciones Seriadas 2013-2352
856 4# - LOCALIZACIÓN Y ACCESO ELECTRÓNICOS
Identificador Uniforme del Recurso <a href="https://ojs.intercambios.cse.udelar.edu.uy/index.php/ic/article/view/144/80">https://ojs.intercambios.cse.udelar.edu.uy/index.php/ic/article/view/144/80</a>
856 4# - LOCALIZACIÓN Y ACCESO ELECTRÓNICOS
Identificador Uniforme del Recurso <a href="http://doi.org/10.29156/INTER.5.1.10">http://doi.org/10.29156/INTER.5.1.10</a>
905 ## - TIPO DE MATERIAL
Tipo de material Articulo
942 ## - ELEMENTOS DE PUNTO DE ACCESO ADICIONAL (KOHA)
Tipo de ítem Koha Artículo Electrónico
Holdings
Estado de retiro Estado de pérdida Estado dañado No para préstamo Código de colección Localización permanente Ubicación/localización actual Ubicación en estantería Fecha de adquisición Total de préstamos Fecha visto por última vez Identificador Uniforme del Recurso Precio válido a partir de Tipo de ítem Koha
        Acceso abierto Bib. Gregorio Torres Quintero Bib. Gregorio Torres Quintero En línea 28/09/2023   28/09/2023 https://ojs.intercambios.cse.udelar.edu.uy/index.php/ic/article/view/144/80 28/09/2023 Artículo Electrónico